000 01047nam0a22002531 4500
001 rc\2560352
005 20250623104542.0
035 _a(NLR Aleph) 006725276
090 _a5486485
_c5486485
100 _a20110914d1927 |||y0rusy50 ca
101 0 _arus
102 _aRU
105 _ay c |||||
200 1 _aУстав железных дорог СССР - 1927 г.
_eI. Комментарии. II. Указатель содержания
_fСоставлены Р. В. Бурковым и В. Ф. Елеонским
_gПод ред. нач. Тарифно-эконом. отд. ЦУЖЕЛа НКПС П. М. Орлова
210 _aМосква
_cТранспечать НКПС
_d1927
_g6-я типо-лит. Транспечати НКПС
215 _a61 с.
_d26Х18 см.
700 1 _aБурков
_bР.В.
_gРоман Васильевич
701 1 _aЕлеонский
_bВ.Ф.
702 1 _aОрлов
_bП.М.
_4340
801 0 _aRU
_bNLR
_gpsbo
801 1 _aRU
_bELAR
_2rusmarc
852 _aNLR
_j59/375
942 _cBOOK
980 _aNB